| 000 -ლიდერი |
| ფიქსირებული სიგრძის საკონტროლო ველი |
01453nam a2200241Ia 4500 |
| 001 - საკონტროლო ნომერი |
| საკონტროლო ველი |
5888 |
| 003 - საკონტროლო ნომრის იდენტიფიკატორი |
| საკონტროლო ველი |
GE_BSU |
| 005 - ბოლო ოპერაციის თარიღი და დრო |
| საკონტროლო ველი |
20191029112719.0 |
| 008 - ფიქსირებული სიგრძის მონაცემთა ელემენტები - ზოგადი ინფორმაცია |
| ფიქსირებული სიგრძის საკონტროლო ველი |
181216s2012||||ge |||||||||||||| ||geo|| |
| 040 ## - კატალოგიზაციის წყარო |
| Transcribing agency |
GE_BSU |
| 041 ## - ენის კოდი |
| Language code of text/sound track or separate title |
geo |
| 080 ## - უნივერსალური ათობითი კლასიფიკაციის ინდექსი |
| Universal Decimal Classification number |
93/94(063)(479.223) ბ-17 |
| 245 ## - ცნობა სათაურის შესახებ |
| Title |
ბათუმი. წარსული და თანამედროვეობა : |
| Remainder of title |
II საერთაშორისო სამეცნიერო კონფერენცია ბათუმი წარსული და თანამედროვეობა = II International scientific conference Batumi The past and modernity, ოქტომბერი 30-31, / |
| 264 ## - წარმოების, გამოცემის, დისტრიბუციის და სხვა ცნობები |
| გამოცემის, წარმოების, დისტრიბუციის... ადგილი |
ბათუმი |
| გამოცემის, წარმოების, დისტრიბუციის... სახელწოდება |
შითა რუსთაველის სახ. უნ–ტი |
| გამოცემის, წარმოების, დისტრიბუციის... თარიღი |
2012 |
| 300 ## - ფიზიკური აღწერა |
| Extent |
433 გვ.; |
| Other physical details |
27 სმ. |
| 500 ## - ზოგადი შენიშვნა |
| General note |
პროგრამა ქართ. და ინგლ. ენ. |
| 501 ## - შენიშვნა თანმხლებ მასალაზე |
| With note |
ზესათ.: ნიკო ბერძენიშვილის ინ-ტის ისტორიის განყ-ბა |
| 653 ## - INDEX TERM--UNCONTROLLED |
| Uncontrolled term |
ისტორია |
| 653 ## - INDEX TERM--UNCONTROLLED |
| Uncontrolled term |
ისტორიკოსთა საერთაშორისო კონფერენციები; |
| 653 ## - INDEX TERM--UNCONTROLLED |
| Uncontrolled term |
ბათუმის ისტორია; |
| 710 ## - ADDED ENTRY--CORPORATE NAME |
| Corporate name or jurisdiction name as entry element |
ნიკო ბერძენიშვილის ინ-ტის ისტორიის განყ-ბა; |
| 9 (RLIN) |
5053 |
| 942 ## - ADDED ENTRY ELEMENTS (KOHA) |
| Koha item type |
წიგნი |
| Source of classification or shelving scheme |
|